Quizzes
Events
Quiz Creation
Community
Videos
Private Events
Remove Ads
Sign In
Join for FREE
Feedback
Dark Mode
Quiz Categories
Sports
Geography
Music
Movies
Television
Just For Fun
Miscellaneous
History
Literature
Language
Science
Gaming
Entertainment
Religion
Holiday
For Kids
Quiz Lab
Recent
Popular Today
Quiz Kudos Today
Editor Picks
Curator Picks
Quizzes by...
Day
Popularity
Type
Ratings
Length
Year
Community
Subscriptions
Recent Discussions
Orange Saloon
Badges
Playlists
Quests
Create
Leaderboards
Showdown
Live 5
Trivia Bingo
Activity
Puzzle Library
Sporcle Events
Private Events
Virtual Trivia
Globe League
Become a Host
Pub Owners
SporcleCon
Opinionation
Our Games
Videos
Blog
Mobile Apps
Partnerships
Remove Ads and Go Orange
Feedback
Science
Computer
Plants
Astronomy
Chemistry
Elements
Math
Animal
Physics
Anatomy
Biology
Geology
General Science
Science
Computer
Plants
Astronomy
Chemistry
Elements
Math
Animal
Physics
Anatomy
Biology
Geology
General Science
Random Quiz
Search Sporcle
×
Quiz Lab
Quiz Lab
Science
Complex
Click on answers out of a set of options
Click on answers out of a set of options
Multiple Choice
Best Score? Go Orange.
Pyruvate Dehydrogenase Complex V1 MC (Copy 2) Stats
Can you choose the Pyruvate Dehydrogenase Complex V1 MC?
By
michaelgryciuk
10m
9 Questions
21 Plays
21 Plays
21 Plays
Comments
Comments
Give Quiz Kudos
Give Quiz Kudos
-
- Ratings
hide this ad
Minefield
Wrong answers will end the quiz
Wrong answers will end the quiz
Random Order
Randomize order of answers
Randomize order of answers
Replay
Link that replays current quiz
Next Quiz
Link to next quiz in quiz playlist
You Got
0%
They Got
Avg Score
70%
Avg Friend Score
Upgrade to see
Score Distribution
Jump to the score distribution portion of the page
Score
0/9
Timer
10:00
0
Plays Today
Question
Answer
Wrong Answers
What are the coenzyme(s) of E2 (Dihydrolipoyl transacetylase)?
???
76.2%
???
0%
???
0%
What is E1 in the complex?
???
76.2%
???
0%
???
0%
What is E2 in the complex?
???
76.2%
???
0%
???
0%
What is the function of E1 (pyruvate dehydrogenase)?
???
76.2%
???
0%
???
0%
What are the coenzyme(s) of E1 (pyruvate dehydrogenase)?
???
76.2%
???
0%
???
0%
What are the coenzyme(s) of E3 (Dihydrolipoyl dehydrogenase)?
???
66.7%
???
0%
???
0%
What is the function of E2 (Dihydrolipoyl transacetylase)?
???
66.7%
???
0%
???
4.8%
What is E3 in the complex?
???
61.9%
???
14.3%
???
4.8%
What is the function of E3 (Dihydrolipoyl dehydrogenase)?
???
61.9%
???
0%
???
14.3%
Quiz Playlist
Details
Report
Send in Message
Add To Playlist
Multiple Choice:
Click on answers out of a set of options
Minefield:
Wrong answers will end the quiz
Random Order:
Randomize order of answers
Last Updated: Sep 3, 2019
Quiz Scoreboard
CHALLENGE
Sign Up to Join the Scoreboard
Show All
Scores
Hide
Comments
May contain spoilers
Recently Published
Presidents Visiting Landmarks
by Hejman
History
7m
An Introduction to Baseball
by treessimontrees
Sports
5m
Movies - When Are They Set?
by FPL_Elf
Movies
5m
More to Explore
Quiz From the Vault
Featured Blog Post
Where Did the Easter Bunny Come From?
hide this ad
You Might Also Like...
Tags
Complex
Today's Top Quizzes in Science
Browse Science
hide this ad
Top Contributed Quizzes in Science
1
Quick Pick: Radians
2
Quick Pick: 'CI-CJ' Animals
3
Elements In Images
4
One Thing in Common: Science
5
One Thing in Common: Science III
6
One Thing in Common: Animals
7
1 to 50
8
Name the Acid, Base or Salt
9
One Thing in Common: Science II
10
Count to 60
Explore More
Trending Topics
Kpop
Harry Potter
Crossword
Disney
NBA
Anime
Marvel
Song
Puzzle
NFL
Pokémon
Soccer
Country
WWE
The Office
hide this ad
More By:
michaelgryciuk
Quiz
Plays
Rating
Category
Featured
Created
Krebs Cycle (Clickable)
705
Science
May 9, 2019
Pyruvate Dehydrogenase Complex MC
670
Science
May 9, 2019
Electron Transport Chain - Complex 1 and 2
122
Science
May 8, 2019
Pyruvate Dehydrogenase Cycle Clickable
32
Science
May 8, 2019
Pyruvate Dehydrogenase Complex V1 MC (Copy 2)
21
Science
Sep 3, 2019
Go to Creator's Profile
Score Distribution
Quiz Creator Spotlight
michaelgryciuk
Follow
Send a Message
Quizzes Created
-
Created Quiz Play Count
-
More By This Creator
Popular Quizzes Today
1
Find the Countries of Europe - No Outlines Minefield
2
Find the US States - No Outlines Minefield
3
The Countries of the World
4
Popular People in 1961
5
Find the US States
6
US States
7
1-10 Letter E Words III
8
Risky Map Clicking: Biggest States A-Z
More Science Quizzes
Cloud Types
Published
Trending Quizzes
Risky Map Clicking: Least Populous States A-Z
1-10 Letter F Words
1-10 Letter G Words
One Thing in Common: United Kingdom
Risky Map Clicking: Next State Alphabetically
Recently Updated
Leaping Animals
pecheneg
Reality TV Shows (A-Z)
bhenderson79
Rickey Henderson's Hall of Fame Teammates
pecheneg
Champions League XIs: Arsenal
pecheneg
Quick Pick: Celebrities in WWE's Hall of Fame
aduchscher
A-Z Keypad Blitz II
pecheneg
Multiple Oscar Actors
pecheneg
Mystery Phrase Blitz: Oscar 'Best Actors'
pecheneg
F. Scott Fitzgerald Novels
LTH
Pick 3 Villains
ddd62291
Trending Topics
Harry Potter
Crossword
Marvel
Disney
Kpop
NBA
Anime
Soccer
WWE
Pokémon
NFL
Song
Country
Puzzle
The Office
Your Account Isn't Verified!
In order to create a playlist on Sporcle, you need to verify the email address you used during registration. Go to your
Sporcle Settings
to finish the process.
Report this User
Report this user for behavior that violates our
Community Guidelines
.
Details:
Send Report
Go to the Sporcle.com Mobile Site →
Comments